A misteriosa chama da rainha Loana: (Record no. 223)

MARC details
000 -LÍDER
campo de controle de tamanho fixo 01724nam a2200325 4500
001 - NÚMERO DE CONTROLE
campo de controle 223
003 - IDENTIFICADOR DO NÚMERO DE CONTROLE
campo de controle OSt
005 - DATA E HORÁRIO DA ÚLTIMA TRANSAÇÃO
campo de controle 20250528074015.0
008 - CAMPO DE DADOS FIXOS--INFORMAÇÃO GERAL
campo de controle de tamanho fixo 250203b |||||||g |||| 00| 1 eng d
020 ## - ISBN - INTERNATIONAL STANDARD BOOK NUMBER
ISBN - International Standard Book Number 8501071439
040 ## - FONTE DA CATALOGAÇÃO
Idioma da catalogação por
041 ## - CÓDIGO DE IDIOMA
Código do idioma do original e/ou traduções intermediárias do texto ita
Código do idioma do texto/trilha sonora ou título diferente por
082 ## - CDD - CLASSIFICAÇÃO DECIMAL DE DEWEY
Número de Classificação 853
Número do exemplar E19m
100 1# - ENTRADA PRINCIPAL--NOME PESSOAL
Nome pessoal Eco, Umberto,
Datas associadas ao nome 1932-2016
9 (RLIN) 409
240 ## - TÍTULO UNIFORME
Título uniforme La misteriosa fiamma della Regina Loana
245 ## - TÍTULO
Título A misteriosa chama da rainha Loana:
Restante do título Romance Ilustrado /
Indicação de responsabilidade, etc. Eco, Umberto ; Tradução de Eliana Aguiar
260 ## - PUBLICAÇÃO, DISTRIBUIÇÃO, ETC.
Local de publicação, distribuição, etc. Rio de Janeiro
Nome do editor, distribuidor, etc. Record
Data da publicação, distribuição, etc. 2005
300 ## - DESCRIÇÃO FÍSICA
Extensão 453 p.
Outros detalhes físicos il.
520 ## - NOTA DE RESUMO, ETC.
Resumo, etc. Uma obra destinada a se tornar um clássico” – La Repubblica<br/>Personagens históricos em uma delirante trama fantástica. Trinta anos após O nome da rosa, Umberto Eco nos envolve, mais uma vez, em uma narrativa vertiginosa, na qual se desenrola uma história de complôs, enganos, falsificações e assassinatos, em que encontramos o jovem médico Sigmund Freud (que prescreve terapias à base de hipnose e cocaína), o escritor Ippolito Nievo, judeus que querem dominar o mundo, uma satanista, missas negras, os documentos falsos do caso Dreyfus, jesuítas que conspiram contra maçons, Garibaldi e a formação dos Protocolos dos Sábios de Sião.<br/>Curiosamente, a única figura de fato inventada nesse romance é o protagonista Simone Simonini, embora, como diz o autor, basta falar de algo para esse algo passar a existir...
650 #0 - ASSUNTO--TERMO TÓPICO
Cabeçalho tópico ou nome geográfico Literatura italiana
9 (RLIN) 164
650 #0 - ASSUNTO--TERMO TÓPICO
Cabeçalho tópico ou nome geográfico Drama
9 (RLIN) 18
650 #0 - ASSUNTO--TERMO TÓPICO
Cabeçalho tópico ou nome geográfico Psicológico
9 (RLIN) 85
650 #0 - ASSUNTO--TERMO TÓPICO
Cabeçalho tópico ou nome geográfico Histórico
9 (RLIN) 53
650 #0 - ASSUNTO--TERMO TÓPICO
Cabeçalho tópico ou nome geográfico Clássicos
9 (RLIN) 77
650 #0 - ASSUNTO--TERMO TÓPICO
Cabeçalho tópico ou nome geográfico Humor
9 (RLIN) 60
655 #0 - TERMO DE ÍNDICE--GÊNERO E FORMA
Gênero/forma/ou termo foco Romance
655 #0 - TERMO DE ÍNDICE--GÊNERO E FORMA
Gênero/forma/ou termo foco Ficção
700 ## - ENTRADA ADICIONADA - NOME PESSOAL
Nome pessoal Eliana Aguiar
Função do autor por extenso Tradutor
9 (RLIN) 412
942 ## - ELEMENTOS DE ENTRADA ADICIONADOS (KOHA)
Fonte de classificação ou esquema de arquivamento Classificação decimal de Dewey
Ocultar no OPAC Não
Tipo de material Koha Livros
Holdings
Situação do descarte Situação das perdas Fonte de classificação ou esquema de arquivamento Status danificado Não pode ser emprestado Coleção Biblioteca de origem Biblioteca atual Localização na estante Data de aquisição Fonte de aquisição Total de empréstimos Número de chamada completo Código de barras Data de último acesso Número do exemplar Data do preço efetivo Tipo de material Koha
    Classificação decimal de Dewey     Ficção Biblioteca Professor Eduardo Afonso de Castro Biblioteca Professor Eduardo Afonso de Castro Literatura Estrangeira 20.09.2018 doação   853 / E19m 2025-16063 31.01.2025 Ex. 01 31.01.2025 Livros
    Classificação decimal de Dewey     Ficção Biblioteca Professor Eduardo Afonso de Castro Biblioteca Professor Eduardo Afonso de Castro Literatura Estrangeira 23.05.2017 doação   853 / E19m 2025-15628 31.01.2025 Ex. 02 31.01.2025 Livros

Powered by Koha